Asian Languages - Statistics

General Stats
  • This quiz has been taken 32 times
  • The average score is 27 of 31
Answer Stats
Sentence Language % Correct
如果您看到您的語言,請發表評論。 Chinese
100%
Bình luận nếu bạn thấy ngôn ngữ của bạn. Vietnamese
100%
التعليق إذا كنت ترى لغتك. Arabic
96%
यदि आप अपनी भाषा देखते हैं तो टिप्पणी करें। Hindi
96%
自分の言語を見つけたらコメントしてください。 Japanese
96%
Өз тіліңізді көрсеңіз, пікір қалдырыңыз. Kazakh
96%
귀하의 언어가 보이면 댓글을 달아주세요. Korean
96%
Diliňizi görseňiz teswir beriň. Turkmen
96%
O'z tilingizni ko'rsangiz izoh qoldiring. Uzbek
96%
আপনার ভাষা দেখলে কমেন্ট করুন। Bengali
93%
ប្រសិនបើអ្នកឃើញភាសារបស់អ្នក។ Khmer
93%
Хэрэв та өөрийн хэлийг харвал сэтгэгдэл үлдээгээрэй. Mongolian
93%
اگر زبان خود را دیدید نظر دهید. Persian
93%
Прокомментируйте, если видите свой язык. Russian
93%
Агар шумо забони худро бинед, шарҳ диҳед. Tajik
93%
แสดงความคิดเห็นหากคุณเห็นภาษาของคุณ Thai
93%
Kendi dilinizi görürseniz yorum atın Turkish
93%
Մեկնաբանեք, եթե տեսնում եք ձեր լեզուն: Armenian
89%
Dilinizi görürsünüzsə şərhə yazın. Azerbaijani
89%
დაწერეთ კომენტარი, თუ ხედავთ თქვენს ენას. Georgian
89%
ຂຽນຄໍາເຫັນຖ້າທ່ານເຫັນພາສາຂອງທ່ານ. Lao
89%
הגיבו אם אתם רואים את השפה שלכם. Hebrew
86%
Эгер өз тилиңизди көрсөңүз, комментарий калтырыңыз. Kyrgyz
86%
Magkomento kung nakita mo ang iyong wika. Filipino
82%
Beri komentar jika Anda melihat bahasa Anda. İndonesian
82%
உங்கள் மொழி தெரிந்தால் கருத்து தெரிவிக்கவும். Tamil
82%
Komen jika anda melihat bahasa anda. Malay
75%
आफ्नो भाषा देखेमा कमेन्ट गर्नुहोला । Nepali
75%
ཁྱོད་རའི་སྐད་ཡིག་མཐོང་པ་ཅིན་བསམ་འཆར་བཀོད། Dzongkha
61%
ތިމާގެ ބަސް ފެނިއްޖެނަމަ ކޮމެންޓް ކުރާށެވެ. Dhivehi
46%
Komentáriu se ita-boot haree ita-boot nia lian. Tetum
43%
No matching quizzes found
Score Distribution
Percent of People with Each Score
Percentile by Number Answered
Your Score History
You have not taken this quiz